000 00337nam a2200133 4500
005 20260530115257.0
100 1 _aRaymond Loewy
_930661
245 1 0 _aIndustrial design
264 1 _bFaber and Faber, London
_c1979
300 _a248 páginas
336 _atexto
_2rdacontent
337 _asin medio
_2rdamedia
338 _avolumen
_2rdacarrier
999 _c12667
_d12667